Το γεφύρι της ανατολής : μυθιστόρημα

Αποθηκεύτηκε σε:
Λεπτομέρειες βιβλιογραφικής εγγραφής
Κύριος συγγραφέας: Παπαμόσχου, Ηρώ, 1933-
Μορφή: Βιβλίο
Γλώσσα:Greek
Δημοσίευση: Αθήνα : Πατάκης, 2000.
Έκδοση:5η εκδ.
Σειρά:Σύγχρονη λογοτεχνία για παιδιά και για νέους. Συλλογή κύκνοι ; v.15
Θέματα:
Ετικέτες: Προσθήκη ετικέτας
Δεν υπάρχουν, Καταχωρήστε ετικέτα πρώτοι!

MARC

LEADER 00000cam a2200000 i 4500
001 1/24530
008 011129s2000 gr | ||| |||| ||gre||
020 |a 9603602663 
035 |l 10067888 
040 |a GR-MY-UA  |b gre  |e aacr 
041 0 |a gre 
082 7 |a 808.0683   |2 (22) 
100 1 |a Παπαμόσχου, Ηρώ,   |d 1933- 
245 1 3 |a Το γεφύρι της ανατολής :   |b μυθιστόρημα /   |c Ηρώ Παπαμόσχου ; εξώφυλλο: Γιάννης Λέκκος.  
250 |a 5η εκδ.  
260 |a Αθήνα :   |b Πατάκης,   |c 2000.  
300 |a 287 σ. ;   |c 21 εκ.  
490 1 |a (Σύγχρονη λογοτεχνία για παιδιά και για νέους / Συλλογή κύκνοι ;   |v  vol.15)  
650 0 0 |a Young adult fiction. 
650 0 0 |a Young adult literature. 
650 0 0 |a Historical fiction, Greek (Modern) 
830 0 |a Σύγχρονη λογοτεχνία για παιδιά και για νέους. Συλλογή κύκνοι ;  |v  v.15 
852 |a INST  |b SAMOS  |e 20011129  |h 808.0683 ΠΑΠ  |p 005300024260  |q 005300024260  |t BK  |y 0 
901 |a BIBL3-2001-3 
909 |a Σ  |b 099190 
922 |a 3ΕΛΗ  |b 200111  |c ΒΙΒΛΙΟΘΗΚΗ  |d ΚΑΡΑΣΤΑΘΗΣ 
970 |a ΚΟΣΙΕΡΗΣ  |b ΧΡΗΣΤΟΣ  |z 2001/12/12